00352nam a2200109Ia 4500008004100000020002200041040002900063050002600092100005400118245004100172260002900213230222s9999||||xx |||||||||||||| ||und|| a978-0-7020-4358-1 cChuka University Library aSBL QP 34.5bS44 2005 aSeeley,Rod R., Trent D. Stephens and Philip Tate 0aEssentials of anatomy and physiology aMcGrawhillbBostonc2005